Normal view
MARC view
Entry Topical Term
001 - CONTROL NUMBER
- control field: 33422
003 - CONTROL NUMBER IDENTIFIER
- control field: OSt
005 - DATE AND TIME OF LATEST TRANSACTION
- control field: 20220927143219.0
008 - FIXED-LENGTH DATA ELEMENTS
- fixed length control field: 220927|| aca||aabn | a|a d
040 ## - CATALOGING SOURCE
- Original cataloging agency: OSt
- Transcribing agency: OSt
150 ## - HEADING--TOPICAL TERM
- Topical term or geographic name entry element: Urbanisation, Urban agglomeration, Census, Conurbation, Kerala.
670 ## - SOURCE DATA FOUND
- Source citation: Work cat.: (OSt): Pulikkamath, Ashraf and Palathara, Tiny S. 33421, Distinct population patterns and growth trends: Evidence from Kerala
